| 000 | 00544nam a2200205Ia 4500 | ||
|---|---|---|---|
| 003 | GCL | ||
| 008 | 140319s9999 xx 000 0 eng d | ||
| 040 |
_aGCL / _cGCL |
||
| 082 | 0 | 4 |
_a759.44 _bM V |
| 100 | 1 | _aMARCILHAC, FELIX | |
| 245 | 1 | 0 |
_aLA VIE ET L'OEUVRE DE JACQUES MAJARELLE ( 1886 - 1962 ) . / _cMARCILHAC, FELIX |
| 260 |
_a[S.N] : _bACR EDITION INERNAIONALE ، _c1988 |
||
| 300 | _a288 P | ||
| 650 | 0 | 4 | _aDRAWING |
| 650 | 0 | 4 | _aARTS |
| 650 | 0 | 4 | _aPAINTING |
| 650 | 0 | 4 | _aPAINTERS |
| 650 | 0 | 4 | _aMAJARELL, JACQUES |
| 942 |
_2ddc _cBK |
||
| 999 |
_c15830 _d15830 |
||